[Event "Alzira op 12th"]
[Site "Alzira"]
[Date "2022.12.29"]
[Round "6"]
[White "Ribera Rosello, Ferran"]
[Black "Garcia Pouso, Marcos"]
[Result "0-1"]
[WhiteElo "1109"]
[BlackElo "1338"]
[PlyCount "80"]
[EventDate "2022.12.27"]
[EventType "swiss"]
[EventRounds "8"]
[EventCountry "ESP"]
[SourceTitle "CBM 212 Extra"]
[Source "ChessBase"]
[SourceDate "2023.03.31"]
[SourceVersion "1"]
[SourceVersionDate "2023.03.31"]
[SourceQuality "1"]

1. e4 e6 2. d4 d5 3. exd5 exd5 4. c4 Nf6 5. Nc3 c6 6. Nf3 Bd6 7. c5 Qe7+ 8. Be2 Bc7 9. 0-0 0-0 10. Bg5 h6 11. Bh4 Bf5 12. Qb3 Bd8 13. Rfe1 Qc7 14. Bg3 Qd7 15. Ne5 Qc8 16. Bd1 Nbd7 17. Nf3 b6 18. Bd6 Re8 19. Bc2 Bxc2 20. Qxc2 Bc7 21. Be7 bxc5 22. Bxc5 Nxc5 23. dxc5 Rb8 24. Rab1 Qg4 25. h3 Qc4 26. Nd2 Qxc5 27. Nb3 Qd6 28. g3 Bb6 29. Kh2 Re5 30. Nd2 Rbe8 31. Nf3 Rxe1 32. Rxe1 Rxe1 33. Nxe1 Qc5 34. Nd3 Qd4 35. Ne2 Qe4 36. Nc3 Qf5 37. Qe2 Ne4 38. Nxe4 dxe4 39. Nf4 g5 40. g4 Qxf4+ 0-1